| 000 | 00430nam a22001817a 4500 | ||
|---|---|---|---|
| 003 | MPLRDC | ||
| 005 | 20220104114507.0 | ||
| 008 | 210129b ||||| |||| 00| 0 eng d | ||
| 020 | _a7-5302-0282-0 | ||
| 082 | _a857.7 DL | ||
| 100 | _a德兰 | ||
| 245 |
_a年轻的外交官 _c |
||
| 250 | _a一版一刷 | ||
| 260 |
_a _b北京十月文艺出版社 _c1993 |
||
| 300 | _b平 | ||
| 650 | _a长篇小说 | ||
| 942 |
_cBK _o857.7 DL |
||
| 999 |
_c7902 _d7892 |
||